Fr. Conceicao Rodrigues College of Engineering

Quantitative techniques for business decisions (Record no. 35011)

MARC details
000 -LEADER
fixed length control field 00341nam a2200133Ia 4500
082 ## - DEWEY DECIMAL CLASSIFICATION NUMBER
Classification number 658.403
100 ## - MAIN ENTRY--PERSONAL NAME
Personal name Johnson/ R.D./ Siskin/ B.R.
245 ## - TITLE STATEMENT
Title Quantitative techniques for business decisions
260 ## - PUBLICATION, DISTRIBUTION, ETC.
Name of publisher, distributor, etc. Prentice Hall of India
Place of publication, distribution, etc. New Delhi
Date of publication, distribution, etc. 1977
300 ## - PHYSICAL DESCRIPTION
Extent 485
546 ## - LANGUAGE NOTE
Language note ENGLISH
654 ## - SUBJECT ADDED ENTRY--FACETED TOPICAL TERMS
Focus term Business decisions
942 ## - ADDED ENTRY ELEMENTS (KOHA)
Koha item type BOOK
Holdings
Withdrawn status Lost status Damaged status Not for loan Collection Home library Current library Shelving location Date acquired Cost, normal purchase price Inventory number Total Checkouts Full call number Barcode Date last seen Cost, replacement price Price effective from Koha item type
        AFT Fr. Agnel's C.Rodrigues College of Engineering Fr. Agnel's C.Rodrigues College of Engineering   17/03/2023 29.00 T-928   658.403 AFT2135 17/03/2023 29.00 17/03/2023 BOOK